000 00468nam a2200181Ia 4500
008 151202s9999||||xx |||||||||||||| ||und||
082 _bPNVM-19318
100 _aभावे पु.भा.
245 _aसात मजले.
260 _b---
260 _c0
300 _a0
600 _aभावे पु.भा.
630 _aसात मजले.
700 _aभावे पु.भा.
730 _aसात मजले.
942 _cBOOK
999 _c1285301
_d1285298